[Event "ROU-chT Men Superliga 2018"]
[Site "Sovata"]
[Date "2018.11.26"]
[Round "3"]
[White "Shevchenko, Kirill"]
[Black "Tarlev, Konstantin"]
[Result "0-1"]
[WhiteElo "2549"]
[BlackElo "2557"]
[Annotator "TA"]
[PlyCount "92"]
[EventDate "2018.11.24"]
[EventType "team-tourn"]
[EventCountry "ROU"]
[SourceTitle "playchess.com"]
[Source "ChessBase"]
[SourceQuality "1"]

{[%evp 12,92,4,0,30,-31,-31,-34,-31,-32,-31,-33,-40,-25,-27,-48,-32,-19,-21,-10,-17,-38,-47,-57,0,-17,-7,-15,4,-35,0,-7,0,0,37,14,80,75,67,33,39,39,46,36,49,41,54,30,43,19,39,10,33,20,33,25,62,26,47,23,29,0,0,-16,-16,-11,-9,-10,-14,-14,-14,-266,-246,-492,-477,-1025,-793,-29984,-29985,-29985,-29986,-29976,-985]} 1. d4 Nf6 2. c4 e6 3. Nc3 Bb4 4. Nf3 b6 5. Qb3 a5 6. g3 Bb7 7. Bg2 {LiveBook: 38 Games} d5 {E21: Nimzo-Indian: 4 Nf3} (7... O-O 8. O-O h6 9. Rd1 Re8 10. Bf4 Bxc3 11. Qxc3 d6 12. b3 Nbd7 13. Bc1 a4 14. b4 b5 15. cxb5 Qb8 16. Bf1 {1-0 (51) Lupulescu,C (2625)-Zhigalko,S (2678) Tromsoe 2014}) 8. Ne5 $146 (8. O-O $11) ({Predecessor:} 8. O-O dxc4 9. Qxc4 O-O 10. Bg5 Nbd7 11. Rfe1 c5 12. dxc5 Rc8 13. Red1 Rxc5 14. Qh4 Bxc3 15. bxc3 Qc8 16. Rab1 Rc4 17. Rd4 Rxc3 18. Rbd1 Rc5 19. e4 h6 20. Be3 Rh5 {0-1 (20) Burnier,D (2311)-Gormally,D (2557) Saas Almagell 2005}) 8... dxc4 $1 $15 9. Qa4+ c6 $1 {Black is slightly better.} 10. O-O {[%cal Re5c6]} O-O 11. Rd1 b5 12. Qc2 Qc8 13. Ne4 Nbd7 14. Nxd7 Nxd7 15. Bf4 Rd8 16. Ng5 Nf8 17. Ne4 Be7 ({Black should try} 17... Ng6 $15) 18. b3 cxb3 19. axb3 Ng6 20. Be3 Qc7 (20... c5 $5) 21. Nc5 Bxc5 22. Qxc5 a4 23. bxa4 bxa4 (23... Rxa4 $11 {keeps the balance.} 24. Rxa4 bxa4) 24. Rdb1 $16 Ne7 25. Qb4 {[%mdl 1024] White has compensation.} Bc8 26. Bg5 f6 27. Bf4 Qd7 28. e4 ({Not} 28. Rxa4 $2 c5 $1 $19 {[%mdl 512]}) 28... Ng6 29. Be3 ({Avoid the trap} 29. Rxa4 $2 c5 $1 $19 {[%mdl 512]}) 29... Qe8 30. Rc1 Bd7 31. Ra3 c5 32. Rxc5 Rdb8 33. Qe1 Rb3 34. Ra1 Rc8 35. Rxc8 Qxc8 36. Bf1 Qb7 37. Bc4 Qxe4 {Hoping for ...Bc6!} 38. Bxb3 axb3 {[%cal Ba4b3,Bb3b2][%mdl 32]} 39. Bd2 Qd5 {Threatens to win with ...Bc6.} 40. Ra5 Qb7 41. Bb4 $2 {[%mdl 8192]} (41. Qb1 $1 $11) 41... b2 $1 $40 {[%mdl 128] Black goes for the king.} 42. Ra2 $2 {[#]} (42. Ra3 e5 43. Rb3) 42... Qf3 $1 {( -> ...Nf4!)} 43. Ra3 (43. Rxb2 $142 Nh4 44. gxh4 Qg4+ {[%mdl 64] Double Attack} 45. Kf1 Bb5+ 46. Qe2 (46. Re2 $2 Qf3 $19 {[%mdl 64] Pin}) 46... Bxe2+ 47. Rxe2) 43... Qf5 44. g4 Qxg4+ {Black mates.} 45. Rg3 Qf5 46. Rb3 Qc2 {Accuracy: White = 42%, Black = 50%.} (46... Nf4 $142 47. f3 Qg5+ 48. Qg3 Ne2+ {[%mdl 64] Double Attack} 49. Kg2 Nxg3 50. Be1 Nf5+ 51. Kf2 Qh4+ 52. Kf1 Qxh2 53. Bf2 Qh1+ 54. Bg1 {[#]} Qxf3+ $1 {[%mdl 576] Promotion} 55. Rxf3 b1=Q+ 56. Kg2 Qc2+ 57. Kh3 Bc6 58. d5 Bxd5 59. Bb6 Bxf3 60. Bf2 Qe2 61. Kh2 Qxf2+ 62. Kh3 Qh4#) 0-1

[Event "ROU-chT Men Superliga 2018"]
[Site "Sovata"]
[Date "2018.11.26"]
[Round "3"]
[White "Vajda, Levente"]
[Black "Stoleriu, George"]
[Result "1/2-1/2"]
[WhiteElo "2547"]
[BlackElo "2362"]
[Annotator "TA"]
[PlyCount "62"]
[EventDate "2018.11.24"]
[EventType "team-tourn"]
[EventCountry "ROU"]
[SourceTitle "playchess.com"]
[Source "ChessBase"]
[SourceQuality "1"]

{[%evp 11,62,0,22,6,6,-25,-16,-25,-16,-10,-24,-18,-29,-13,-18,-30,-21,-11,-12,-10,-8,0,26,18,14,16,29,11,18,0,0,-43,-36,-35,-25,-85,-87,-68,-80,-147,-148,-196,-58,-101,-102,-134,-96,-200,0,-108,0,-189,0]} 1. Nf3 Nf6 2. g3 b5 3. Bg2 Bb7 4. O-O e6 5. d4 Be7 6. Nbd2 d5 {LiveBook: 3 Games. A46: 1 d4 Nf6 2 Nf3 e6: Torre, London and Colle Systems} 7. a4 (7. Ne5 Nbd7 8. c4 bxc4 9. Ndxc4 c5 10. Bf4 O-O 11. Rc1 Rc8 12. Qa4 Nxe5 13. dxe5 Bc6 {½-½ (33) Radjabov,T (2738)-Aronian,L (2784) Berlin 2015}) 7... b4 8. a5 O-O {Black has an edge.} 9. Ne5 c5 $146 ({Predecessor:} 9... Nfd7 10. e4 Nxe5 11. dxe5 d4 12. Nb3 c5 13. c3 Ba6 14. cxd4 Bxf1 15. Bxf1 cxd4 16. Qxd4 {0-1 (31) O'Neill,P (1985)-Daly,C (2329) Dublin 2018}) 10. dxc5 Bxc5 11. Nd3 Be7 12. Re1 Ne4 13. Nb3 Qc8 14. f3 {Hoping for a6.} Nc5 15. Be3 {[%cal Rb3c5]} Nxb3 16. cxb3 Na6 17. Qd2 Qd7 18. Bd4 Rfc8 19. Qe3 Bc6 (19... Qb5 {is interesting.} 20. Bh3 Bf8 21. f4 Nc5 22. a6 Nxa6 23. f5 e5) 20. Bh3 Bb5 21. Nf4 {[%cal Rf4e6] Nxe6! is the strong threat.} Bg5 $1 22. Qf2 Qe7 23. Nh5 (23. Rac1 $11) 23... Bh6 $1 $17 24. f4 Nc5 {Threatens to win with ...Ne4.} 25. Qe3 (25. Qf3 $142) 25... Ne4 26. Bg2 {[#]} f5 (26... e5 $1 $19 {[%cal Re5d4][%mdl 512]} 27. Bxe4 (27. Bxe5 Qxe5) 27... dxe4 28. Qxe4 g6 {[%mdl 64] Trapped Piece}) 27. Bxe4 dxe4 28. Be5 Qc5 29. Bd4 (29. Qxc5 $17 Rxc5 30. e3) 29... Qe7 ({Black should try} 29... Qd5 $19 {Strongly threatening ...e5!} 30. Bxa7 Be8) 30. Be5 $1 {[#]} Qc5 (30... Rc5 $1 $17 {[%cal Rc5e5] White must now prevent ...Rxe5!} 31. Qf2 Rd5) 31. Bd4 $1 $19 {[%cal Rd4c5]} Qe7 $2 {Accuracy: White = 52%, Black = 54%.} (31... Qd6 $19 32. Qf2 Rc2) 1/2-1/2

[Event "ROU-chT Men Superliga 2018"]
[Site "Sovata"]
[Date "2018.11.26"]
[Round "3"]
[White "Manolache, Marius"]
[Black "Banzea, Alexandru-Bogdan"]
[Result "1/2-1/2"]
[WhiteElo "2518"]
[BlackElo "2313"]
[Annotator "TA"]
[PlyCount "125"]
[EventDate "2018.11.24"]
[EventType "team-tourn"]
[EventCountry "ROU"]
[SourceTitle "playchess.com"]
[Source "ChessBase"]
[SourceQuality "1"]

{[%evp 9,125,-21,-12,-54,0,-31,-4,-5,10,15,16,15,18,17,39,41,46,3,0,-3,5,0,-6,0,0,0,0,-37,-14,-13,8,10,7,12,38,0,0,0,0,0,-10,-8,7,0,0,0,0,-6,0,0,0,0,13,13,13,12,8,6,6,6,6,6,6,6,6,6,6,13,13,13,13,13,16,16,25,25,40,40,40,0,0,0,0,0,0,0,0,0,0,0,0,0,0,0,0,0,0,0,0,0,0,0,0,0,0,0,0,0,0,0,0,0,0,0,0,0,0,0]} 1. d4 Nf6 2. Nf3 g6 3. Bg5 Bg7 4. c3 O-O 5. Qc1 (5. Nbd2 d6 6. e3 h6 7. Bh4 c5 8. dxc5 dxc5 9. Qc2 Nc6 10. Bc4 Na5 11. Be2 Be6 12. O-O Qb6 13. e4 Rfd8 14. Rfe1 g5 {1-0 (63) Kramnik,V (2779)-Howell,D (2689) Batumi 2018}) 5... c5 $146 ({Predecessor:} 5... d6 6. Bh6 Bg4 7. Bxg7 Kxg7 8. Nbd2 Re8 9. h3 Bxf3 10. Nxf3 e5 11. e3 Nbd7 12. Be2 c6 {½-½ (70) Kurajica,B (2542)-Kozul,Z (2569) Solin/Split 2001}) 6. dxc5 {A48: 1 d4 Nf6 2 Nf3 g6: Torre, London and Colle Systems} Qc7 (6... Na6 $1 $15) 7. Nbd2 Qxc5 8. Bxf6 Bxf6 9. Ne4 Qc6 10. Nxf6+ Qxf6 11. h4 {[%cal Bh2h4,Bh4h5][%mdl 32]} Nc6 12. h5 d5 13. Qh6 Qg7 14. Qxg7+ Kxg7 15. Rd1 Rd8 16. e3 Bg4 17. Rh4 Bxf3 18. h6+ Kf8 19. gxf3 e5 20. Bb5 Ne7 21. Rb4 Rab8 22. Ba4 b6 23. f4 a5 24. Rb5 exf4 25. exf4 Nf5 26. Bc2 Nxh6 27. Rbxd5 Ke7 28. b4 (28. Re5+ {with more complications.} Kf8 29. Rxd8+ Rxd8 30. Rb5 Rd6 31. b4) 28... axb4 29. cxb4 Rxd5 30. Rxd5 Nf5 31. Bxf5 gxf5 $11 {[%mdl 4096] Endgame KR-KR} 32. a4 Ra8 33. a5 bxa5 34. bxa5 Ke6 35. Re5+ Kf6 36. Kf1 Kg6 37. Kg2 Ra6 38. Kf3 h5 39. Rb5 f6 $1 40. Rc5 Ra8 41. Rd5 Ra7 42. Kg3 Ra8 43. Rb5 Ra7 44. f3 Ra8 {The position is equal.} 45. Kf2 Ra7 46. Rd5 Ra8 47. Rc5 Ra7 48. Ke3 Re7+ 49. Kf2 Ra7 50. Rb5 Ra8 51. Kf1 Ra7 52. Rc5 Ra8 53. Rd5 Ra7 54. Ke2 Re7+ 55. Kf2 $1 Ra7 56. Kg3 Ra8 57. Kh4 Ra7 58. Rc5 Ra8 59. Rb5 Ra7 60. Kg3 Ra8 61. Kf2 Ra7 62. Ke3 Re7+ 63. Kf2 {Accuracy: White = 65%, Black = 80%.} 1/2-1/2

[Event "ROU-chT Men Superliga 2018"]
[Site "Sovata"]
[Date "2018.11.26"]
[Round "3"]
[White "Georgescu, Tiberiu-Marian"]
[Black "Baklan, Vladimir"]
[Result "1/2-1/2"]
[WhiteElo "2505"]
[BlackElo "2605"]
[Annotator "TA"]
[PlyCount "53"]
[EventDate "2018.11.24"]
[EventType "team-tourn"]
[EventCountry "ROU"]
[SourceTitle "playchess.com"]
[Source "ChessBase"]
[SourceQuality "1"]

{[%evp 9,53,-8,22,22,35,16,38,45,48,47,48,29,44,44,79,70,76,82,79,72,73,73,68,69,86,68,91,82,75,76,89,101,95,87,91,41,115,107,101,107,114,124,117,115,113,116]} 1. d4 Nf6 2. Nf3 b6 3. c4 e6 4. Bf4 Bb7 5. e3 d6 (5... Bb4+ 6. Nfd2 O-O 7. a3 Be7 8. Nc3 d5 9. cxd5 exd5 10. Be2 Nbd7 11. O-O a6 12. Rc1 Rc8 13. Bf3 c5 14. dxc5 Nxc5 15. Nb3 Nce4 16. Be5 b5 {0-1 (40) Berkes,F (2678)-Indjic,A (2599) Valjevo 2018}) 6. Nc3 {E12: Queen's Indian: Unusual White 4th moves, 4 a3, 4 Nc3 Bb7 5 a3 and 4 Nc3 Bb7} Nbd7 7. Be2 g6 8. O-O {White is slightly better.} Bg7 9. Qc2 O-O 10. e4 a6 $146 ({Predecessor:} 10... Qe8 11. h3 e5 12. dxe5 dxe5 13. Be3 {0-1 (51) Bermejo Castro,J-Oms Pallisse,J (2415) Barbera del Valles 1998}) 11. Rad1 Qb8 12. Rfe1 c5 13. dxc5 e5 14. Be3 Nxc5 15. Nd2 Rc8 16. b4 Ncd7 17. Rc1 Rc7 18. Qb1 Qf8 19. Nd5 Bxd5 20. cxd5 Rxc1 21. Rxc1 Bh6 22. Qb3 a5 {[#]} (22... Bxe3 $14 23. Qxe3 b5) 23. a3 $1 $16 {[%cal Ba2a3,Ba3b4][%mdl 32] White is better.} axb4 24. axb4 Bxe3 25. Qxe3 Ra4 26. Qb3 Qa8 27. Bb5 {Accuracy: White = 61%, Black = 32%.} 1/2-1/2

[Event "ROU-chT Men Superliga 2018"]
[Site "Sovata"]
[Date "2018.11.26"]
[Round "3"]
[White "Nanu, Costica-Ciprian"]
[Black "Ognean, Mihnea-Ionut"]
[Result "1-0"]
[WhiteElo "2505"]
[BlackElo "2291"]
[Annotator "TA"]
[PlyCount "95"]
[EventDate "2018.11.24"]
[EventType "team-tourn"]
[EventCountry "ROU"]
[SourceTitle "playchess.com"]
[Source "ChessBase"]
[SourceQuality "1"]

{[%evp 23,95,39,53,39,36,32,41,37,38,26,50,38,38,38,43,42,41,38,39,36,51,0,0,0,26,22,24,0,155,132,104,97,158,103,119,138,121,119,154,131,144,161,323,289,288,293,360,183,323,320,978,931,1193,471,441,469,452,448,446,433,476,473,514,493,656,645,628,619,706,712,895,872,2954,2147]} 1. d4 Nf6 2. Nf3 e6 3. c4 c5 4. d5 d6 5. Nc3 exd5 6. cxd5 g6 7. Bf4 a6 8. a4 Bg7 9. h3 O-O 10. e3 Ne8 {A61: Modern Benoni: Nf3 without early e4} 11. Be2 Nd7 12. O-O Rb8 {LiveBook: 33 Games. White is slightly better.} 13. Bg5 $146 ({Predecessor:} 13. Nd2 Ne5 14. a5 f5 15. Bg3 Bd7 16. Qb3 b5 17. axb6 Rxb6 18. Qc2 {0-1 (39) Sargissian,G (2690)-Short,N (2646) Douglas 2014}) 13... f6 14. Bh4 Ne5 15. Nxe5 dxe5 16. e4 a5 17. Nb5 Nd6 18. Qc2 Nxb5 19. Bxb5 Qd6 20. Qd2 $36 {[%mdl 2048] White has some pressure.} b6 21. Bg3 f5 22. exf5 (22. f3 $14) 22... gxf5 $11 23. f3 Bb7 24. Rad1 Kh8 25. Rfe1 c4 $2 {[#]} (25... f4 $11 26. Bh4 Rf5) 26. Qe2 {[%cal Rg3e5]} f4 27. Bf2 Rf5 (27... Rbd8 $142) 28. Qe4 (28. Qxc4 $142 Rg5 29. Qb3) 28... Rh5 29. Re2 Rg8 30. Qxc4 ({Don't play} 30. Bxc4 $6 Bc8 $11) 30... Bf6 31. Kf1 Be7 {intending ...Qg6.} 32. Be1 Qh6 $2 (32... Rhg5 33. Bh4 R5g7 34. Bxe7 Rxe7) 33. Bc3 Bd6 34. Bd7 Qf6 35. Rdd2 (35. Qb5 $142) 35... Rg7 (35... Rhg5 {is a better defense.} 36. Qb5 Qe7) 36. Qb5 Bc5 $2 (36... Rhg5 37. Bg4 Qd8) 37. Bg4 $18 {White is clearly winning.} Rhg5 38. Qe8+ (38. h4 $142 h5 39. hxg5 Rxg5 {[#]} 40. d6 $1 {[%mdl 512]}) 38... Rg8 39. Bxe5 Rxe5 40. Qxe5 Qxe5 41. Rxe5 Ba6+ 42. Ke1 Bb4 43. Kd1 Bxd2 44. Kxd2 Rd8 45. Kc3 Kg7 46. Kd4 Rd6 47. Re7+ Kg6 48. Ke5 {Accuracy: White = 68%, Black = 42%.} 1-0

[Event "ROU-chT Men Superliga 2018"]
[Site "Sovata"]
[Date "2018.11.26"]
[Round "3"]
[White "Rogozenco, Dorian"]
[Black "Grigore, George-Gabriel"]
[Result "1/2-1/2"]
[WhiteElo "2495"]
[BlackElo "2488"]
[Annotator "TA"]
[PlyCount "70"]
[EventDate "2018.11.24"]
[EventType "team-tourn"]
[EventCountry "ROU"]
[SourceTitle "playchess.com"]
[Source "ChessBase"]
[SourceQuality "1"]

{[%evp 26,70,20,0,0,0,0,-13,-14,-6,-14,-72,-74,-76,-73,-104,-62,-87,-37,-56,-5,-8,0,0,0,0,0,0,0,-33,0,0,0,0,0,0,0,0,0,0,0,0,0,0,0,0,0]} 1. d4 d5 2. Nf3 Nf6 3. c4 e6 4. Nc3 Be7 5. Bg5 h6 6. Bh4 O-O 7. e3 Ne4 8. Bxe7 Qxe7 9. Rc1 c6 10. Bd3 Nxc3 11. Rxc3 dxc4 12. Bxc4 Nd7 13. O-O b6 14. Qe2 a5 {D56: Queen's Gambit Declined: Lasker Defence} (14... Bb7 15. Ba6 Bxa6 16. Qxa6 c5 17. Rfc1 Rfd8 18. h3 e5 19. Qb7 Rdb8 20. Qe4 Re8 21. Rd1 exd4 22. Qxe7 Rxe7 23. exd4 Re2 24. Rd2 Rxd2 25. Nxd2 Rd8 26. Nb3 cxd4 27. Rd3 Re8 {½-½ (27) Le,Q (2715)-Nakamura,H (2763) chess.com INT 2018}) 15. Bd3 c5 16. Rfc1 Bb7 17. Bb5 Rad8 $146 ({Predecessor:} 17... Rfd8 18. Bxd7 cxd4 19. Nxd4 Qxd7 20. Nc6 Bxc6 21. Rxc6 Rac8 22. Rxc8 {½-½ (22) Gaprindashvili,V (2381)-Rzayev,B (2406) Konya 2015}) 18. Bxd7 {[#]} (18. Nd2 $11 {remains equal.}) 18... Bxf3 $1 $17 19. Qxf3 cxd4 20. Rb3 {Bb5 is the strong threat.} Rxd7 21. Rxb6 Qd8 22. Rb3 {[%cal Bb6b3,Bb3c3,Bc3c2][%mdl 32]} d3 (22... a4 $15 23. Rd3 dxe3 24. Rxe3 Rd2) 23. Rd1 d2 24. Qe2 Rd5 25. Rc3 Qd6 26. Rc2 {[%cal Rc2d2]} Rd8 27. g3 g6 28. Kg2 {The position is equal.} Kg7 29. b3 Rd7 30. Qc4 Kh7 31. Qc3 e5 32. Qc6 Qb4 {[#] White must now prevent ...Qe4+.} 33. Qc3 Qd6 34. Qc6 Qb4 {aiming for ...Qe4+.} 35. Qc3 Qd6 {Accuracy: White = 70%, Black = 70%.} 1/2-1/2

[Event "ROU-chT Men Superliga 2018"]
[Site "Sovata"]
[Date "2018.11.26"]
[Round "3"]
[White "Berescu, Alin-Mile"]
[Black "Ionescu, Constantin"]
[Result "1/2-1/2"]
[WhiteElo "2450"]
[BlackElo "2432"]
[Annotator "TA"]
[PlyCount "28"]
[EventDate "2018.11.24"]
[EventType "team-tourn"]
[EventCountry "ROU"]
[SourceTitle "playchess.com"]
[Source "ChessBase"]
[SourceQuality "1"]

{[%evp 18,28,39,35,39,18,33,0,2,7,10,6,18]} 1. e4 c5 2. Nf3 e6 3. d4 cxd4 4. Nxd4 a6 5. Nc3 d6 6. Be3 Nf6 7. f3 Qc7 8. Qd2 h5 {B80: Sicilian Scheveningen: 6 g3 and 6 Be3, including English Attack} 9. O-O-O (9. Be2 Nbd7 10. a4 b6 11. O-O Be7 12. Rfd1 O-O 13. Kh1 Bb7 14. Bg5 Rfe8 15. Qe1 Rac8 16. Qf1 {½-½ (109) Firouzja,A (2572)-Grandelius,N (2652) Sharjah 2018}) 9... Nbd7 10. Kb1 {LiveBook: 7 Games} b5 {[%cal Bb7b5,Bb5b4][%mdl 32] White is slightly better.} 11. Bd3 Bb7 12. Rhe1 b4 $146 {[%cal Rb4c3] The position is equal.} ({Predecessor:} 12... Be7 13. Bg5 b4 14. Nce2 Rb8 15. h4 {0-1 (41) Heyme,S (2023)-Schuetze,N (2296) Germany 2016}) 13. Nce2 e5 $1 14. Nf5 g6 1/2-1/2

[Event "ROU-chT Men Superliga 2018"]
[Site "Sovata"]
[Date "2018.11.26"]
[Round "3"]
[White "Morozov, Nichita"]
[Black "Vedmediuc, Serghei"]
[Result "1/2-1/2"]
[WhiteElo "2439"]
[BlackElo "2472"]
[Annotator "TA"]
[PlyCount "33"]
[EventDate "2018.11.24"]
[EventType "team-tourn"]
[EventCountry "ROU"]
[SourceTitle "playchess.com"]
[Source "ChessBase"]
[SourceQuality "1"]

{[%evp 19,33,9,13,0,0,0,17,15,4,0,0,0,0,0,0,0]} 1. d4 e6 2. c4 b6 3. Nc3 Bb7 4. a3 Nf6 5. d5 Bd6 6. Nf3 O-O 7. g3 {A50: Queen's Fianchetto Defence (1 d4 Nf6 2 c4 b6)} exd5 8. cxd5 c6 (8... Na6 9. Bg2 Nc5 10. b4 Nce4 11. Nxe4 Nxe4 12. Bb2 Qe7 13. O-O f5 14. Qd3 a5 {½-½ (14) Zhigalko,S (2620)-Kovalev,V (2639) Orsha 2018}) 9. Bg2 cxd5 10. O-O Na6 {LiveBook: 4 Games. The position is equal.} 11. Nb5 Be7 12. Bf4 $146 ({Predecessor:} 12. b4 d6 13. Bb2 Qd7 14. Nfd4 Nc5 {½-½ (30) Van der Werf,M (2413)-Vrolijk,L (2427) Wijk aan Zee 2018}) 12... Nc5 13. Bc7 Qc8 14. Rc1 a6 15. Bd6 Qd8 ({Avoid the trap} 15... axb5 $2 16. Bxe7 Re8 17. Bxf6 $16) 16. Bc7 Qc8 17. Bd6 1/2-1/2

[Event "ROU-chT Men Superliga 2018"]
[Site "Sovata"]
[Date "2018.11.26"]
[Round "3"]
[White "David, Alexandru-Vasile"]
[Black "Istratescu, Andrei"]
[Result "1/2-1/2"]
[WhiteElo "2426"]
[BlackElo "2565"]
[Annotator "TA"]
[PlyCount "36"]
[EventDate "2018.11.24"]
[EventType "team-tourn"]
[EventCountry "ROU"]
[SourceTitle "playchess.com"]
[Source "ChessBase"]
[SourceQuality "1"]

{[%evp 17,36,16,20,20,37,10,36,0,12,-34,-22,-36,0,-22,0,-22,0,-11,0,-20,0]} 1. d4 Nf6 2. c4 e6 3. Nc3 Bb4 4. Qc2 Nc6 5. Nf3 d6 6. Bd2 O-O 7. a3 Bxc3 8. Bxc3 Qe7 9. e3 e5 10. dxe5 {E33: Nimzo-Indian: Classical: 4...Nc6} (10. d5 Nb8 11. Nd2 a5 12. b3 Nbd7 13. Be2 b5 14. e4 bxc4 15. Nxc4 Nc5 16. Nd2 Ba6 17. Bxa6 Rxa6 {1-0 (61) Wojtaszek,R (2727)-Tregubov,P (2582) Gibraltar 2016}) 10... Nxe5 11. Be2 Re8 12. h3 {White is slightly better.} Ng6 13. O-O-O $146 ({Predecessor:} 13. O-O Ne4 {1-0 (32) Book,E-Vestol,A Helsinki 1947}) 13... Ne4 14. Be1 a5 15. Nd4 {The position is equal.} Nc5 16. Bc3 Ne4 17. Be1 Nc5 18. Bc3 Ne4 {Accuracy: White = 24%, Black = 35%.} 1/2-1/2

[Event "ROU-chT Men Superliga 2018"]
[Site "Sovata"]
[Date "2018.11.26"]
[Round "3"]
[White "Moldovan, Daniel"]
[Black "Nevednichy, Vladislav"]
[Result "0-1"]
[WhiteElo "2406"]
[BlackElo "2529"]
[Annotator "TA"]
[PlyCount "78"]
[EventDate "2018.11.24"]
[EventType "team-tourn"]
[EventCountry "ROU"]
[SourceTitle "playchess.com"]
[Source "ChessBase"]
[SourceQuality "1"]

{[%evp 28,78,-14,-14,0,-8,0,0,0,-6,-1,-11,-11,-47,-41,-32,-45,-34,-27,-58,-63,-69,-69,-86,-50,-48,-50,-48,-12,-79,-31,-30,-42,-24,-18,-13,-18,-137,-82,-129,-100,-129,-122,-125,-122,-133,-139,-134,-135,-123,-114,-175,-113]} 1. d4 Nf6 2. Nf3 e6 3. c4 d5 4. Nc3 Nbd7 5. cxd5 exd5 6. Bg5 Be7 7. e3 c6 8. Bd3 O-O 9. O-O Re8 10. Qc2 Nf8 11. Ne5 Ng4 12. Bxe7 Qxe7 13. Nxg4 Bxg4 14. Bf5 Bxf5 {D36: Queen's Gambit Declined: Exchange Variation: Main line (5 Bg5 c6 6 Qc2)} 15. Qxf5 {LiveBook: 12 Games} Qd6 (15... Qe6 16. Qxe6 {½-½ (16) Torre,E (2546)-Antonio,R (2548) Quezon City 2001}) 16. Rfe1 $146 ({Predecessor:} 16. Ne2 Re6 17. Nf4 Rh6 {0-1 (54) Rovcanin,Z (2173)-Bujisic,V (2213) Podgorica 2014}) 16... Re6 {The position is equal.} 17. Rad1 Rae8 18. a3 Nd7 19. Qd3 Nf6 20. f3 Qe7 {[%cal Re6e3]} 21. Kf2 h5 {[%cal Bh7h5,Bh5h4][%mdl 32]} 22. Re2 h4 23. Rde1 Nh5 24. Qf5 g6 25. Qh3 f5 26. g3 hxg3+ 27. hxg3 Kg7 28. Qh4 (28. g4 $11 fxg4 29. Qxg4) 28... Nf6 29. Rh1 Kf7 $36 {[%mdl 2048] Black is pushing.} 30. Qh6 g5 {And now ...Ng4+! would win.} 31. Kg2 $1 Rg8 32. Nd1 {[#]} (32. e4 $1 $11 {remains equal.}) 32... Ke8 ({Black should play} 32... c5 $1 {[%cal Rc5d4] White must now prevent ...cxd4.} 33. dxc5 Qxc5) 33. Nf2 Kd8 34. Nd3 Kc8 35. Ne5 Nd7 36. Qh7 Qxh7 37. Rxh7 Nxe5 38. dxe5 Rxe5 39. Rf7 {[#]} (39. Rh5 $17) 39... Rge8 {Accuracy: White = 30%, Black = 57%.} (39... d4 $1 $19 {[%mdl 512]} 40. e4 (40. exd4 Rxe2+) 40... fxe4 41. fxe4 Rge8) 0-1

[Event "ROU-chT Men Superliga 2018"]
[Site "Sovata"]
[Date "2018.11.26"]
[Round "3"]
[White "Vasiesiu, Dan"]
[Black "Ileana, George"]
[Result "1/2-1/2"]
[WhiteElo "2394"]
[BlackElo "2318"]
[Annotator "TA"]
[PlyCount "139"]
[EventDate "2018.11.24"]
[EventType "team-tourn"]
[EventCountry "ROU"]
[SourceTitle "playchess.com"]
[Source "ChessBase"]
[SourceQuality "1"]

{[%evp 30,139,31,19,33,33,35,38,34,0,118,114,105,114,108,109,138,130,187,170,185,177,186,175,198,195,203,201,204,196,225,221,233,225,241,253,230,212,223,216,216,216,214,208,212,198,202,196,211,196,195,148,173,161,175,173,169,178,175,168,158,151,180,180,180,180,180,180,180,180,177,177,180,107,107,107,107,107,125,106,186,172,187,187,187,187,224,243,243,239,266,266,348,8,8,8,8,8,8,8,8,8,8,0,0,0,0,0,0,0,0,0]} 1. e4 c5 2. Nf3 d6 3. d4 cxd4 4. Nxd4 Nf6 5. Nc3 g6 6. Be3 Bg7 7. f3 Nc6 8. Qd2 O-O 9. O-O-O d5 10. Qe1 e5 11. Nxc6 bxc6 12. exd5 Nxd5 13. Bc4 Be6 14. Ne4 Qc7 15. Bc5 Rfd8 16. Qh4 h6 {B76: Sicilian Dragon: Yugoslav Attack, 9 g4 and 9 0-0-0} 17. g4 Nf4 18. Bxe6 Nxe6 {White is slightly better.} 19. Qe7 Bf8 (19... Rxd1+ $11 20. Rxd1 Qa5) (19... Qa5 20. Rxd8+ Rxd8 21. Qxa7 Qxa7 22. Bxa7 Ra8 23. Be3 Rxa2 24. Kb1 {1-0 (45) Guseinov,G (2654)-Asadli,V (2470) Nakhchivan 2018}) 20. Qxc7 $16 Nxc7 21. Nf6+ Kg7 22. Bxf8+ Kxf6 $146 ({Predecessor:} 22... Rxf8 23. Nd7 Rfe8 24. Rhe1 {1-0 (54) Raja,H (2351)-Wisniewski,M (2235) Warsaw 2016}) 23. Bxh6 g5 (23... Rxd1+ $16 24. Kxd1 Rb8) 24. h4 $18 Rxd1+ 25. Kxd1 gxh4 26. Rxh4 {[%mdl 4096] Endgame KRB-KRN} Ke6 27. Bg5 Rg8 28. Rh6+ Kd7 29. Be3 e4 {[#]} 30. Ke2 $1 ({Resist} 30. fxe4 Rxg4 31. Rf6 (31. Bxa7 Rxe4 32. Rf6 Ra4 $16) 31... Rxe4) 30... exf3+ 31. Kxf3 a6 32. Rf6 Rg7 33. Rf5 Rh7 34. Rh5 Rg7 35. c4 Kc8 36. Bd4 Rg6 37. Rf5 Ne6 38. Be5 Kd8 39. Bc3 Ke7 40. Ra5 Ng5+ 41. Ke3 Ne6 42. Rxa6 Rxg4 43. Rxc6 Kd7 44. Ra6 Rxc4 45. Ra7+ Rc7 46. Rxc7+ Nxc7 {KB-KN} 47. Kd4 Kc6 48. Ke5 Na6 49. b3 Nc5 {intending ...Nd3+.} 50. Bd2 f6+ 51. Kd4 ({And not} 51. Kxf6 Ne4+ 52. Kg7 Nxd2 $11) (51. Kf4 $18) 51... Ne6+ $16 52. Kc4 f5 53. b4 f4 54. b5+ Kb7 (54... Kb6 $16 {was called for.} 55. a3 Nc7) 55. a4 $18 f3 {Strongly threatening ...f2.} 56. Be3 {And now Kd5 would win.} Nc7 57. Bf2 Na6 58. Kd5 Nb4+ 59. Ke4 Na2 60. Kd4 ({Not} 60. Kxf3 Nc3 $11) 60... Kb6 61. Kc4+ $2 (61. Be1 $18 Nb4 62. Kc4) 61... Ka5 $11 {The position is equal.} 62. b6 Nb4 63. b7 Na6 64. Kd5 {Hoping for Kc6.} Kxa4 65. Kc6 Kb3 66. Bg3 Kc4 67. Kb6 Nc5 68. b8=Q Nd7+ {[%mdl 64] [#] Double Attack} 69. Kb7 {Threatening mate with Qc7+.} Nxb8 70. Kxb8 {Accuracy: White = 74%, Black = 66%.} 1/2-1/2